[Event "XXIV Weekend A"]
[Site "Robecchetto con Induno ITA"]
[Date "2013.12.29"]
[Round "4"]
[White "Isoardi, Luigi"]
[Black "Porzio, Massimo"]
[WhiteElo "1747"]
[BlackElo "1848"]
[Result "1/2-1/2"]
[PlyCount "82"]
[EventDate "2013.12.27"]

1. d4 d5 2. Nf3 c6 3. e3 Nf6 4. c4 e6 5. Nc3 Nbd7 6. cxd5 exd5 7. Bd3 Bd6 8.
Bd2 O-O 9. O-O Re8 10. Rc1 Ne4 11. Qc2 Ndf6 12. h3 h6 13. Rfd1 Qe7 14. Be1 Nxc3
15. Bxc3 Ne4 16. a3 Nxc3 17. Qxc3 Qf6 18. Ne1 Bf5 19. Bxf5 Qxf5 20. Qc2 Qxc2
21. Rxc2 f5 22. Nf3 f4 23. Re1 Re4 24. Rce2 Rae8 25. Kf1 Kf7 26. exf4 Bxf4 27.
a4 Rxe2 28. Rxe2 Rxe2 29. Kxe2 Ke6 30. g4 g5 31. Ne1 b6 32. Nc2 c5 33. Kd3 a6
34. b3 Kd6 35. Ne3 Bxe3 36. fxe3 cxd4 37. Kxd4 Ke6 38. b4 Kd6 39. a5 b5 40. e4
dxe4 41. Kxe4 Ke6 1/2-1/2

[Event "XXIV Weekend A"]
[Site "Robecchetto con Induno ITA"]
[Date "2013.12.29"]
[Round "4"]
[White "Lucchese, Paolo"]
[Black "Mantovani, Enrico"]
[WhiteElo "1960"]
[BlackElo "1828"]
[Result "1-0"]
[PlyCount "79"]
[EventDate "2013.12.27"]

1. e4 c6 2. d4 d5 3. e5 Bf5 4. Nf3 e6 5. Be2 c5 6. O-O Nc6 7. Be3 Qb6 8. b3 Rc8
9. c4 dxc4 10. Bxc4 cxd4 11. Nxd4 Nxd4 12. Bxd4 Bc5 13. Bxc5 Qxc5 14. Qe2 Ne7
15. Bb5+ Nc6 16. Nd2 O-O 17. Bxc6 Qxc6 18. Nc4 Qa6 19. Rfe1 Rc5 20. Rad1 Rd5
21. Rxd5 exd5 22. Ne3 Bd3 23. Qd2 d4 24. Nd5 Bg6 25. f4 Kh8 26. g4 h6 27. f5
Bh7 28. Rd1 Rc8 29. Nb4 Qa3 30. Nd5 d3 31. Nb4 Rd8 32. Nxd3 g6 33. Qxh6 Qxa2
34. f6 Rg8 35. Nf2 Qa5 36. g5 Qc7 37. h3 a5 38. Rd4 Qc1+ 39. Kh2 Qc2 40. Qxh7+
1-0

[Event "XXIV Weekend A"]
[Site "Robecchetto con Induno ITA"]
[Date "2013.12.29"]
[Round "4"]
[White "Novi', Giuseppe"]
[Black "Biava, Pierluigi"]
[WhiteElo "1822"]
[BlackElo "1686"]
[Result "1-0"]
[PlyCount "51"]
[EventDate "2013.12.27"]

1. d4 Nf6 2. c4 e6 3. Nc3 Bb4 4. Qc2 b6 5. f3 Nc6 6. e3 Bb7 7. Bd3 Be7 8. a3 d6
9. Nge2 h5 10. Bd2 h4 11. h3 g6 12. Nf4 g5 13. Nfe2 Nh5 14. O-O-O Qd7 15. d5
Ne5 16. Be4 O-O-O 17. Nb5 a6 18. Nbd4 Kb8 19. f4 gxf4 20. exf4 Ng6 21. dxe6
Bxe4 22. Qxe4 fxe6 23. Qxg6 Rdg8 24. Qe4 Ng3 25. Nxg3 Rxg3 26. Nc6+ 1-0

[Event "XXIV Weekend A"]
[Site "Robecchetto con Induno ITA"]
[Date "2013.12.29"]
[Round "4"]
[White "Oteri, Aldo"]
[Black "Rossi, Emanuele"]
[WhiteElo "1776"]
[BlackElo "1628"]
[Result "1-0"]
[PlyCount "97"]
[EventDate "2013.12.27"]

1. e4 c5 2. Nf3 Nc6 3. d4 cxd4 4. Nxd4 e5 5. Nb5 d6 6. N1c3 a6 7. Na3 Be6 8.
Nc4 b5 9. Ne3 Rc8 10. a3 Nf6 11. Ned5 Nd4 12. Be3 Bxd5 13. exd5 Nf5 14. Qd2 Be7
15. Bd3 Nh4 16. f3 Rxc3 17. Qxc3 Nxg2+ 18. Kf2 Nxe3 19. Qc6+ Nd7 20. Kxe3 O-O
21. Qxa6 Bg5+ 22. Ke2 Qf6 23. Rhg1 Qf4 24. Rxg5 Qxg5 25. Rf1 Qe7 26. Qxb5 Nf6
27. Qc4 Nh5 28. Qg4 Nf4+ 29. Kd2 Nxd5 30. Bxh7+ Kxh7 31. Qe4+ f5 32. Qxd5 Qg5+
33. Ke2 Rc8 34. c3 Qf6 35. Rd1 Rd8 36. Rf1 Rb8 37. Qd2 Qe6 38. Kd1 e4 39. fxe4
fxe4 40. Re1 Re8 41. Re3 d5 42. Kc2 Rb8 43. Qd4 Rc8 44. Rg3 g6 45. Rg5 Rd8 46.
c4 e3 47. Re5 Qc6 48. Qh4+ Kg8 49. Qxd8+ 1-0

[Event "XXIV Weekend A"]
[Site "Robecchetto con Induno ITA"]
[Date "2013.12.29"]
[Round "4"]
[White "Pozzi, Luca"]
[Black "Guerini, Silvia Jr"]
[WhiteElo "1738"]
[BlackElo "1823"]
[Result "0-1"]
[PlyCount "122"]
[EventDate "2013.12.27"]

1. e4 c6 2. d4 d5 3. exd5 cxd5 4. Bd3 Nc6 5. c3 g6 6. Bf4 Bg7 7. Nf3 Nh6 8. Qd2
Nf5 9. O-O O-O 10. Bxf5 Bxf5 11. Bh6 f6 12. Bxg7 Kxg7 13. Re1 Qd6 14. Qe2 Rfe8
15. Na3 a6 16. c4 Rac8 17. Qd2 Red8 18. c5 Qc7 19. b4 Na7 20. Nh4 Qd7 21. Nxf5+
gxf5 22. Re3 Rg8 23. Rae1 Rce8 24. Qe2 Kf8 25. Qh5 Rg7 26. Qh6 Kf7 27. Qh5+ Kf8
28. Re6 Nc6 29. Nc2 Nd8 30. R6e2 Nc6 31. f4 Nd8 32. Ne3 Nc6 33. Nxf5 Rg6 34.
Re6 Ne5 35. Nh4 Qxe6 36. Nxg6+ hxg6 37. Qh8+ Kf7 38. Qh7+ Kf8 39. fxe5 g5 40.
Rf1 Qg4 41. exf6 Qxd4+ 42. Kh1 exf6 43. Qg6 Re6 44. Qxg5 Qf2 45. Qc1 Qxa2 46.
h3 Ke7 47. Qf4 Kf7 48. h4 Qb2 49. h5 Re2 50. Rg1 Re4 51. Qc7+ Kg8 52. Qd8+ Kg7
53. Qd7+ Kf8 54. g4 Re2 55. Qd6+ Ke8 56. h6 Qc2 57. Qg3 Qe4+ 58. Rg2 Re3 59.
Qh4 Re1+ 60. Kh2 Qf4+ 61. Rg3 Qf2+ 0-1

[Event "XXIV Weekend A"]
[Site "Robecchetto con Induno ITA"]
[Date "2013.12.29"]
[Round "4"]
[White "Raselli, Claudio"]
[Black "Macario, Marco"]
[WhiteElo "1878"]
[BlackElo "1839"]
[Result "1/2-1/2"]
[PlyCount "42"]
[EventDate "2013.12.27"]

1. e4 c5 2. c3 e6 3. d4 d5 4. exd5 Qxd5 5. Nf3 Nc6 6. Be2 Nf6 7. O-O Be7 8. c4
Qd8 9. dxc5 Qxd1 10. Rxd1 Bxc5 11. Nc3 a6 12. Bf4 O-O 13. Bd6 Bxd6 14. Rxd6 e5
15. Rad1 Re8 16. Nd5 Nxd5 17. cxd5 Nd4 18. Nxd4 exd4 19. Rxd4 Bg4 20. Rxg4 Rxe2
21. g3 Rxb2 1/2-1/2

[Event "XXIV Weekend A"]
[Site "Robecchetto con Induno ITA"]
[Date "2013.12.29"]
[Round "4"]
[White "Recanatini, Italo"]
[Black "Bianchi, Alberto"]
[WhiteElo "1808"]
[BlackElo "1954"]
[Result "0-1"]
[PlyCount "102"]
[EventDate "2013.12.27"]

1. e4 e5 2. Nf3 Nc6 3. Bb5 a6 4. Bxc6 dxc6 5. d4 exd4 6. Qxd4 Qxd4 7. Nxd4 c5
8. Ne2 Be6 9. Bf4 O-O-O 10. Nd2 Ne7 11. O-O-O Nc6 12. a3 Be7 13. Nf3 f6 14.
Rxd8+ Bxd8 15. Rd1 Re8 16. Nfg1 b6 17. f3 g5 18. Bg3 f5 19. exf5 Bxf5 20. Bf2
Bf6 21. Ng3 Bg6 22. Re1 Be5 23. Nh3 h6 24. Nf1 Nd4 25. Bxd4 cxd4 26. Kd1 Kd7
27. g3 c5 28. f4 Bh5+ 29. Kd2 gxf4 30. gxf4 Bc7 31. Rxe8 Kxe8 32. Ng3 Bg4 33.
Nf2 Bxf4+ 34. Kd3 Bd7 35. Nge4 Ke7 36. h4 Bc1 37. b4 Bxa3 38. bxc5 bxc5 39. c3
dxc3 40. Nxc3 Bb4 41. Nd5+ Ke6 42. Ne3 Ke5 43. Nc4+ Ke6 44. Ne3 Kf6 45. Ne4+
Ke5 46. Nc4+ Kf4 47. Ned6 Bb5 48. Nf7 h5 49. Nh6 Kg3 50. Nf5+ Kg4 51. Ke4 Bxc4
0-1

[Event "XXIV Weekend A"]
[Site "Robecchetto con Induno ITA"]
[Date "2013.12.29"]
[Round "4"]
[White "Zuliani, Francesco"]
[Black "Caldarola, Stefano"]
[WhiteElo "1834"]
[BlackElo "1861"]
[Result "1/2-1/2"]
[PlyCount "41"]
[EventDate "2013.12.27"]

1. e4 d5 2. Nc3 dxe4 3. d3 exd3 4. Bxd3 Nf6 5. Bg5 Nbd7 6. Qe2 c6 7. O-O-O Qa5
8. f4 h6 9. Bh4 Nc5 10. Bxf6 Nxd3+ 11. Rxd3 gxf6 12. Ne4 Bg7 13. Nd6+ Kf8 14.
Nxc8 Rxc8 15. Nf3 f5 16. Rhd1 Bf6 17. Ne5 Bxe5 18. Qxe5 Qxe5 19. fxe5 Rg8 20.
g3 Rg4 21. Rd7 1/2-1/2

[Event "XXIV Weekend A"]
[Site "Robecchetto con Induno ITA"]
[Date "2013.12.29"]
[Round "5"]
[White "Bianchi, Alberto"]
[Black "Macario, Marco"]
[WhiteElo "1954"]
[BlackElo "1839"]
[Result "1/2-1/2"]
[PlyCount "150"]
[EventDate "2013.12.27"]

1. e4 c5 2. Nf3 e6 3. d4 cxd4 4. Nxd4 Nc6 5. Nc3 Qc7 6. g3 Nf6 7. Bg2 Be7 8.
O-O O-O 9. Nb3 a6 10. Be3 b5 11. Qe2 Bb7 12. Rfd1 Rac8 13. Nc5 d6 14. Nxb7 Qxb7
15. Nb1 e5 16. Nc3 Na5 17. Nd5 Nxd5 18. Rxd5 Nc4 19. Bc1 Rc5 20. Rd3 Rfc8 21.
c3 Nb6 22. Be3 R5c6 23. Rad1 Nc4 24. Bc1 Na5 25. Qe1 Qc7 26. Bh3 Rd8 27. b3 Nb7
28. Bg2 Rc8 29. Bb2 Nc5 30. Rd5 Nb7 31. Qd2 Qb6 32. Bh3 Rd8 33. Qe2 Nc5 34. Qd2
Nxe4 35. Qe1 Nf6 36. R5d2 e4 37. Qe2 d5 38. Bg2 Bc5 39. b4 Bf8 40. a3 Re6 41.
Bh3 Re7 42. Rd4 g6 43. Bc1 Bg7 44. Bg5 Qc6 45. Qd2 Rc7 46. Bf4 Re7 47. Bg5 Rc7
48. Rc1 Kf8 49. a4 Qb7 50. axb5 axb5 51. Bxf6 Bxf6 52. Bg2 Bxd4 53. Qxd4 Rdc8
54. Bh3 Ra8 55. Qh8+ Ke7 56. Qxh7 Qb6 57. Qh4+ Qf6 58. Qg4 Ra2 59. Rf1 Qf3 60.
Qg5+ Qf6 61. Qxd5 Raa7 62. Qxe4+ Kf8 63. Qd5 Qxc3 64. Qxb5 Rab7 65. Qd5 Qxb4
66. Ra1 Ra7 67. Rf1 Re7 68. Qd8+ Kg7 69. Qd1 Rac7 70. Qa1+ Kh7 71. Rb1 Qc3 72.
Qxc3 Rxc3 73. Rb4 Re1+ 74. Kg2 Rc2 75. Kf3 Kg7 1/2-1/2

[Event "XXIV Weekend A"]
[Site "Robecchetto con Induno ITA"]
[Date "2013.12.29"]
[Round "5"]
[White "Biancotti, Alessandro"]
[Black "Isoardi, Luigi"]
[WhiteElo "1872"]
[BlackElo "1747"]
[Result "1-0"]
[PlyCount "49"]
[EventDate "2013.12.27"]

1. e4 c5 2. b4 e6 3. bxc5 Bxc5 4. d4 Bb4+ 5. c3 Be7 6. Bd3 Nf6 7. e5 Nd5 8. Qg4
g6 9. Ne2 d6 10. f4 dxe5 11. fxe5 h5 12. Qf3 Bg5 13. O-O O-O 14. Ba3 Be7 15.
Bxe7 Qxe7 16. Nd2 Qg5 17. Ne4 Qe3+ 18. Qxe3 Nxe3 19. Rf3 Nd5 20. Raf1 Nc6 21.
Nd6 Nde7 22. Rxf7 Rxf7 23. Rxf7 Nf5 24. Bxf5 gxf5 25. Rc7 1-0

[Event "XXIV Weekend A"]
[Site "Robecchetto con Induno ITA"]
[Date "2013.12.29"]
[Round "5"]
[White "Biava, Pierluigi"]
[Black "Palminteri, Vincenzo"]
[WhiteElo "1686"]
[BlackElo "1810"]
[Result "1/2-1/2"]
[PlyCount "116"]
[EventDate "2013.12.27"]

1. e4 Nf6 2. Nc3 d5 3. exd5 Nxd5 4. Qf3 c6 5. Bc4 e6 6. Nge2 Be7 7. d4 Bf6 8.
Ne4 Be7 9. O-O O-O 10. Bb3 Nd7 11. c4 N5f6 12. N4c3 Nb6 13. Be3 a5 14. a4 Nbd7
15. Bc2 c5 16. Rad1 cxd4 17. Bxd4 Qc7 18. b3 Bc5 19. Nb5 Qc6 20. Qg3 Bxd4 21.
Nexd4 Qc5 22. Qc7 Ne8 23. Qxc5 Nxc5 24. f4 Bd7 25. Rf3 Bxb5 26. Nxb5 Nf6 27. h3
Rad8 28. Nc3 Rxd1+ 29. Nxd1 Rd8 30. Nc3 Kf8 31. Rf1 Ke7 32. Rd1 Rxd1+ 33. Bxd1
Kd7 34. Bc2 Kc6 35. Kf2 Na6 36. g4 h6 37. Ke3 Kc5 38. Ne4+ Nxe4 39. Bxe4 b6 40.
Bb7 Nc7 41. Be4 Kb4 42. Bc2 Na6 43. f5 Nc5 44. Kf4 exf5 45. Kxf5 Nxb3 46. Ke5
Kxc4 47. Kd6 Kb4 48. Ke7 Kxa4 49. Kxf7 Kb4 50. Kxg7 Kc3 51. Bxb3 Kxb3 52. Kxh6
a4 53. g5 a3 54. g6 Kb2 55. g7 a2 56. g8=Q a1=Q 57. Qg7+ Kb1 58. Qg6+ Kc1
1/2-1/2

[Event "XXIV Weekend A"]
[Site "Robecchetto con Induno ITA"]
[Date "2013.12.29"]
[Round "5"]
[White "Caldarola, Stefano"]
[Black "Caldi, Mario"]
[WhiteElo "1861"]
[BlackElo "1865"]
[Result "1-0"]
[PlyCount "85"]
[EventDate "2013.12.27"]

1. d4 Nf6 2. c4 g6 3. Nc3 Bg7 4. e4 d6 5. Bd3 O-O 6. Nge2 e5 7. d5 a5 8. Ng3
Na6 9. O-O Nc5 10. Bc2 Ng4 11. h3 Nf6 12. Be3 b6 13. a3 h5 14. Bg5 Bd7 15. b4
Nb7 16. Qd2 Qc8 17. Kh2 Nh7 18. Be3 h4 19. Nge2 f5 20. exf5 gxf5 21. f4 Qe8 22.
Rae1 Qg6 23. Rg1 Qh5 24. Ref1 Nf6 25. Bd1 Qg6 26. Bf2 axb4 27. axb4 Qh6 28. Be3
Qh7 29. Bc2 Kh8 30. g3 Ne4 31. Nxe4 fxe4 32. Nc3 hxg3+ 33. Rxg3 Bf5 34. Rfg1
Rf6 35. fxe5 Rg6 36. e6 Rxg3 37. Rxg3 Be5 38. Bf4 Bf6 39. Qg2 Ra3 40. Nxe4 Rxg3
41. Bxg3 Be7 42. Bf2 Bf6 43. Nxf6 1-0

[Event "XXIV Weekend A"]
[Site "Robecchetto con Induno ITA"]
[Date "2013.12.29"]
[Round "5"]
[White "Coqueraut, Lodewyk"]
[Black "Conta, Diego"]
[WhiteElo "1724"]
[BlackElo "1652"]
[Result "1/2-1/2"]
[PlyCount "89"]
[EventDate "2013.12.27"]

1. d4 Nf6 2. c4 g6 3. Nc3 d5 4. Nf3 Bg7 5. cxd5 Nxd5 6. e4 Nxc3 7. bxc3 c5 8.
Be3 Nc6 9. Qd2 Qa5 10. h3 O-O 11. Bc4 cxd4 12. cxd4 Qxd2+ 13. Kxd2 Rd8 14. Kc3
Na5 15. Be2 Be6 16. Rhd1 Rac8+ 17. Kd2 Nc4+ 18. Bxc4 Bxc4 19. Ke1 Ba6 20. Rac1
b6 21. Kd2 e6 22. Rxc8 Rxc8 23. Rc1 Rxc1 24. Kxc1 Bf1 25. Ne1 Bf8 26. Bd2 Ba3+
27. Kc2 Bc4 28. Kb1 f5 29. e5 Bd5 30. f3 Bc4 31. h4 Kg7 32. g3 h6 33. Bc3 g5
34. h5 Bb5 35. Kc2 g4 36. Kb3 Be7 37. fxg4 fxg4 38. a4 Be8 39. Nd3 Bxh5 40. Nf4
Bf7 41. d5 exd5 42. e6+ Bf6 43. Bxf6+ Kxf6 44. exf7 Kxf7 45. Nxd5 1/2-1/2

[Event "XXIV Weekend A"]
[Site "Robecchetto con Induno ITA"]
[Date "2013.12.29"]
[Round "5"]
[White "D'Ambrosio, Luca"]
[Black "Pozzi, Luca"]
[WhiteElo "1862"]
[BlackElo "1738"]
[Result "1-0"]
[PlyCount "65"]
[EventDate "2013.12.27"]

1. d4 Nf6 2. Bg5 d6 3. Nc3 g6 4. Qd2 Bf5 5. g3 Nbd7 6. Bg2 c6 7. e4 Be6 8. Nge2
h6 9. Be3 Ng4 10. O-O Nxe3 11. fxe3 Nb6 12. d5 Bd7 13. Qd4 Rh7 14. a4 e5 15.
Qd3 c5 16. a5 Nc8 17. a6 b6 18. Nb5 Bxb5 19. Qxb5+ Qd7 20. Qd3 Ne7 21. Rf2 g5
22. Nc3 Rc8 23. Qb5 Rc7 24. Bh3 Qxb5 25. Nxb5 Kd8 26. Nxc7 Kxc7 27. Raf1 Kd8
28. Rxf7 Rxf7 29. Rxf7 Ke8 30. Be6 b5 31. g4 Nc8 32. Rb7 Kd8 33. Rb8 1-0

[Event "XXIV Weekend A"]
[Site "Robecchetto con Induno ITA"]
[Date "2013.12.29"]
[Round "5"]
[White "Foglieni, Matteo"]
[Black "Raselli, Claudio"]
[WhiteElo "1853"]
[BlackElo "1878"]
[Result "1-0"]
[PlyCount "75"]
[EventDate "2013.12.27"]

1. Nf3 c5 2. g3 Nc6 3. Bg2 g6 4. O-O Bg7 5. c4 e6 6. d3 Nge7 7. Nbd2 O-O 8. Rb1
b6 9. a3 a5 10. Ne1 Bb7 11. Nc2 Qc7 12. b4 axb4 13. axb4 Nxb4 14. Nxb4 Bxg2 15.
Kxg2 cxb4 16. Rxb4 Nc6 17. Rb1 Nd4 18. Nb3 Qc6+ 19. Kg1 Ra6 20. Bb2 Nxb3 21.
Bxg7 Kxg7 22. Rxb3 d5 23. cxd5 Qxd5 24. Qb1 Qe5 25. e3 Rb8 26. d4 Qa5 27. Rb5
Qa2 28. Qe4 Rc8 29. Qb7 Rc2 30. Rxb6 Ra7 31. Qe4 Ra5 32. Rb7 Rf5 33. Qg2 h5 34.
h3 Re2 35. g4 hxg4 36. hxg4 Rg5 37. Qf3 e5 38. d5 1-0

[Event "XXIV Weekend A"]
[Site "Robecchetto con Induno ITA"]
[Date "2013.12.29"]
[Round "5"]
[White "Guerini, Silvia Jr"]
[Black "Griffini, Andrea"]
[WhiteElo "1823"]
[BlackElo "1797"]
[Result "1/2-1/2"]
[PlyCount "41"]
[EventDate "2013.12.27"]

1. e4 Nf6 2. e5 Nd5 3. d4 d6 4. c4 Nb6 5. exd6 exd6 6. Nf3 Bf5 7. Nc3 Be7 8.
Be2 O-O 9. O-O Bf6 10. Re1 Nc6 11. b3 Nb4 12. Bb2 Nc2 13. Qd2 Nxa1 14. Rxa1 Re8
15. Rd1 Qd7 16. h3 Re7 17. Bf1 Rae8 18. a4 Nc8 19. Nd5 Re6 20. Nf4 R6e7 21. Nd5
1/2-1/2

[Event "XXIV Weekend A"]
[Site "Robecchetto con Induno ITA"]
[Date "2013.12.29"]
[Round "5"]
[White "Loi, Alberto"]
[Black "Giovarruscio, Gabriele"]
[WhiteElo "1831"]
[BlackElo "1683"]
[Result "0-1"]
[PlyCount "69"]
[EventDate "2013.12.27"]

1. d4 Nf6 2. Nf3 e6 3. c4 Bb4+ 4. Bd2 Bxd2+ 5. Nbxd2 O-O 6. e4 d6 7. Bd3 b6 8.
O-O Nbd7 9. b4 c5 10. bxc5 dxc5 11. d5 e5 12. h3 Ne8 13. Nh2 Nd6 14. f4 f6 15.
Qe2 exf4 16. Rxf4 Ne5 17. Raf1 Bd7 18. Nhf3 Ng6 19. Rh4 Nxh4 20. Nxh4 Qe8 21.
Bc2 Rb8 22. Qd3 g6 23. e5 fxe5 24. Rxf8+ Kxf8 25. Ne4 Nxe4 26. Qxe4 Qe7 27.
Nxg6+ hxg6 28. Qxg6 Rc8 29. h4 Qg7 30. Qd6+ Kg8 31. h5 Bh3 32. Bg6 Bg4 33. g3
Rf8 34. Kg2 Qf6 35. Kh2 0-1

[Event "XXIV Weekend A"]
[Site "Robecchetto con Induno ITA"]
[Date "2013.12.29"]
[Round "5"]
[White "Mantovani, Enrico"]
[Black "Guerini, Sara"]
[WhiteElo "1828"]
[BlackElo "1754"]
[Result "1-0"]
[PlyCount "71"]
[EventDate "2013.12.27"]

1. d4 d5 2. c4 e6 3. Nc3 Nf6 4. Bg5 Be7 5. e3 Nbd7 6. Nf3 b6 7. Rc1 Bb7 8. cxd5
exd5 9. Qa4 O-O 10. Ba6 Bxa6 11. Qxa6 Qc8 12. Qa4 Qb7 13. O-O Rac8 14. Ne5 c6
15. b4 a6 16. Nxd7 Qxd7 17. Qxa6 b5 18. Qa3 Qf5 19. Bf4 g5 20. Bg3 h5 21. f4
Qd3 22. fxg5 Qxe3+ 23. Kh1 Qxg5 24. Rce1 Rce8 25. Qb2 Kh7 26. a3 Rg8 27. Qf2
Rg7 28. Bh4 Ng4 29. Qc2+ Qg6 30. Qxg6+ fxg6 31. Re6 g5 32. Bg3 Rc8 33. h3 Nh6
34. Be5 Rf7 35. Rxf7+ Nxf7 36. Rxe7 1-0

[Event "XXIV Weekend A"]
[Site "Robecchetto con Induno ITA"]
[Date "2013.12.29"]
[Round "5"]
[White "Messina, Gianmaria"]
[Black "Rossi, Emanuele"]
[WhiteElo "1796"]
[BlackElo "1628"]
[Result "1-0"]
[PlyCount "107"]
[EventDate "2013.12.27"]

1. e4 c5 2. Nf3 Nc6 3. Bb5 e6 4. O-O Nge7 5. Bxc6 Nxc6 6. d4 cxd4 7. Nxd4 Ne5
8. f4 Nc4 9. b3 Nb6 10. Bb2 d5 11. e5 a6 12. Nc3 Bd7 13. a4 Bc5 14. Nce2 O-O
15. Qd3 f5 16. Kh1 Rc8 17. c3 Rc7 18. Qh3 Be7 19. g4 Kh8 20. gxf5 exf5 21. Rg1
Qc8 22. Rg2 Bc6 23. Rag1 Bc5 24. Rg5 Be8 25. a5 Na8 26. b4 Bxd4 27. Nxd4 g6 28.
Qh6 Rg7 29. h4 Nc7 30. h5 Ne6 31. Nxe6 Qxe6 32. hxg6 Qc6 33. R1g3 d4+ 34. Kh2
Qe4 35. Qxg7+ Kxg7 36. gxh7+ Kf7 37. Rg7+ Ke6 38. Rg8 Qe2+ 39. Kg1 Qe1+ 40. Kh2
Qf2+ 41. Kh3 Qf1+ 42. Rg2 Qf3+ 43. Kh2 Qxf4+ 44. Kg1 Qe3+ 45. Kh1 Qh3+ 46. Kg1
Bc6 47. h8=Q Qe3+ 48. Kh2 Qf4+ 49. Kg1 Qe3+ 50. Rf2 Qe1+ 51. Rf1 Qe3+ 52. Kh2
Qe2+ 53. Kg3 Qg2+ 54. Kh4 1-0

[Event "XXIV Weekend A"]
[Site "Robecchetto con Induno ITA"]
[Date "2013.12.29"]
[Round "5"]
[White "Oteri, Aldo"]
[Black "Bejo, Armand"]
[WhiteElo "1776"]
[BlackElo "1609"]
[Result "0-1"]
[PlyCount "86"]
[EventDate "2013.12.27"]

1. e4 e5 2. Nf3 Nf6 3. Nxe5 d6 4. Nf3 Nxe4 5. Bc4 Be7 6. O-O O-O 7. Re1 d5 8.
Qe2 Be6 9. d4 h6 10. Bd3 Nf6 11. Ne5 c5 12. c3 cxd4 13. cxd4 Nc6 14. Nxc6 bxc6
15. Bf4 Bd6 16. Be5 Ng4 17. Nc3 Nxe5 18. dxe5 Bb4 19. Rac1 d4 20. a3 Ba5 21. b4
dxc3 22. Red1 Qc7 23. Rxc3 Bb6 24. Qe4 g6 25. Rxc6 Qe7 26. Qf4 Kg7 27. a4 Rac8
28. Rdc1 Rxc6 29. Rxc6 Qd7 30. Qf6+ Kg8 31. Rd6 Qxa4 32. Rxe6 Bxf2+ 33. Qxf2
Qd1+ 34. Bf1 fxe6 35. Qe2 Qxe2 36. Bxe2 Kg7 37. Bc4 Rf5 38. Bxe6 Rxe5 39. Bd7
h5 40. Kf2 Kf6 41. Bc6 g5 42. h3 Rf5+ 43. Ke3 h4 0-1

[Event "XXIV Weekend A"]
[Site "Robecchetto con Induno ITA"]
[Date "2013.12.29"]
[Round "5"]
[White "Paniga, Danilo"]
[Black "Cerutti, Fabio Maria"]
[WhiteElo "1843"]
[BlackElo "1772"]
[Result "1-0"]
[PlyCount "55"]
[EventDate "2013.12.27"]

1. d4 c5 2. e3 d5 3. Nf3 Nc6 4. c3 e6 5. Bd3 Nf6 6. Nbd2 Bd6 7. O-O O-O 8. dxc5
Bxc5 9. e4 d4 10. Nb3 Bb6 11. e5 Nd5 12. cxd4 Bc7 13. Nc5 Ndb4 14. Bxh7+ Kh8
15. Be4 b6 16. Nd3 Nd5 17. Bxd5 Qxd5 18. Nf4 Qd8 19. Be3 Bb7 20. Rc1 Nb4 21. a3
Nd5 22. Nxd5 Bxd5 23. Ng5 g6 24. Qg4 Kg7 25. Ne4 Bxe4 26. Qxe4 Rc8 27. Qg4 Rh8
28. Bg5 1-0

[Event "XXIV Weekend A"]
[Site "Robecchetto con Induno ITA"]
[Date "2013.12.29"]
[Round "5"]
[White "Pizzolato, Roberto"]
[Black "Recanatini, Italo"]
[WhiteElo "1732"]
[BlackElo "1808"]
[Result "0-1"]
[PlyCount "186"]
[EventDate "2013.12.27"]

1. e4 d5 2. exd5 Qxd5 3. Nc3 Qa5 4. d4 c6 5. Bc4 Nf6 6. Nge2 Bg4 7. O-O e6 8.
Qd3 Bxe2 9. Nxe2 Bd6 10. a3 O-O 11. b4 Qc7 12. h3 Nbd7 13. f4 Nb6 14. Bb3 Rad8
15. Qf3 Rfe8 16. Bb2 Nbd7 17. Rad1 b5 18. c4 bxc4 19. Bxc4 Nb6 20. Rc1 Qd7 21.
Ba6 Nbd5 22. Rc2 Rb8 23. Bc3 Rb6 24. Qd3 Rxa6 25. Qxa6 Ne3 26. Rfc1 Nxc2 27.
Rxc2 Nd5 28. Bd2 Rc8 29. Qd3 Qb7 30. Qf3 a5 31. bxa5 Qb1+ 32. Rc1 Qb2 33. Qd3
Qxa3 34. Qxa3 Bxa3 35. Ra1 Bd6 36. g3 h5 37. Kg2 Ra8 38. Kf3 f5 39. Nc3 Nc7 40.
Ke3 c5 41. Kd3 cxd4 42. Kxd4 Bb4 43. Nb1 Rd8+ 44. Ke3 Nd5+ 45. Ke2 Bxd2 46.
Nxd2 h4 47. a6 hxg3 48. Kf3 g2 49. Nc4 Ra8 50. Kxg2 Ra7 51. Kf3 Nc7 52. Ke3
Rxa6 53. Rxa6 Nxa6 54. Kd4 Kf7 55. Ke5 Nc5 56. Kd4 Nd7 57. Ke3 Kf6 58. h4 e5
59. fxe5+ Nxe5 60. Nd6 g6 61. Kf4 Ng4 62. Kg3 Ke7 63. Nc4 Ke6 64. Nd2 Ke5 65.
Nf3+ Ke4 66. Ng5+ Ke3 67. Nf3 Nf2 68. Kg2 Ne4 69. Ne1 Kf4 70. Kh3 Nf2+ 71. Kg2
Ng4 72. Nf3 Ke3 73. Kg3 Nf6 74. Ne5 Nh5+ 75. Kh3 Nf4+ 76. Kg3 Ke2 77. Nf7 Nh5+
78. Kh3 f4 79. Ng5 Ke3 80. Kg4 Nf6+ 81. Kh3 f3 82. Nxf3 Kxf3 83. h5 gxh5 84.
Kh4 Kf4 85. Kh3 Kg5 86. Kg2 h4 87. Kh3 Kh5 88. Kh2 Kg4 89. Kg2 Ne4 90. Kh1 h3
91. Kg1 Kg3 92. Kh1 Nf2+ 93. Kg1 h2+ 0-1

[Event "XXIV Weekend A"]
[Site "Robecchetto con Induno ITA"]
[Date "2013.12.29"]
[Round "5"]
[White "Porzio, Massimo"]
[Black "Novi', Giuseppe"]
[WhiteElo "1848"]
[BlackElo "1822"]
[Result "1-0"]
[PlyCount "73"]
[EventDate "2013.12.27"]

1. e4 c5 2. Nf3 d6 3. d4 cxd4 4. Nxd4 Nc6 5. Nc3 a6 6. Be3 Nf6 7. f3 g6 8. Qd2
Bg7 9. O-O-O O-O 10. Nxc6 bxc6 11. e5 Nd5 12. Nxd5 cxd5 13. exd6 exd6 14. Bd4
Bxd4 15. Qxd4 Be6 16. h4 Qa5 17. Kb1 Rab8 18. h5 Rb4 19. Qf6 Rfb8 20. b3 Bf5
21. Bd3 Bxd3 22. Rxd3 Qd8 23. Qxd8+ Rxd8 24. hxg6 hxg6 25. Rxd5 Kg7 26. c4 Rdb8
27. Kc2 R4b6 28. Rhd1 Rd8 29. Kb2 Kf6 30. c5 Rc6 31. Rxd6+ Rcxd6 32. Rxd6+ Rxd6
33. cxd6 Ke6 34. Kc3 Kxd6 35. Kd4 a5 36. a3 f5 37. f4 1-0

[Event "XXIV Weekend A"]
[Site "Robecchetto con Induno ITA"]
[Date "2013.12.29"]
[Round "5"]
[White "Saccani, Ettore"]
[Black "Cervini, Gian Piero"]
[WhiteElo "1726"]
[BlackElo "1795"]
[Result "0-1"]
[PlyCount "108"]
[EventDate "2013.12.27"]

1. e4 g6 2. d4 Bg7 3. Nf3 d6 4. Bc4 Nf6 5. Nc3 c6 6. h3 b5 7. Bd3 O-O 8. O-O
Bb7 9. Ne2 Na6 10. c3 Nc7 11. Ng3 c5 12. Be3 c4 13. Bc2 d5 14. e5 Nd7 15. Qd2
f6 16. Bh6 Rf7 17. Bxg7 Kxg7 18. Rae1 fxe5 19. Nxe5 Nxe5 20. Rxe5 Qd6 21. Qg5
Kh8 22. Rfe1 Qf6 23. Qe3 e6 24. h4 Qxh4 25. Rg5 Qf4 26. Qe5+ Qxe5 27. Rexe5
Raf8 28. f3 Bc8 29. Bxg6 hxg6 30. Rxg6 Rg8 31. Rh6+ Rh7 32. Rxh7+ Kxh7 33. Nh5
Rg6 34. g4 Ne8 35. Nf4 Rf6 36. Nxd5 Rxf3 37. Kg2 Rf8 38. Rh5+ Kg7 39. Ne3 Nd6
40. d5 Bb7 41. Re5 exd5 42. Nf5+ Nxf5 43. gxf5 Kf6 44. Re2 d4+ 45. Kf1 d3 46.
Rf2 Rd8 47. Ke1 Be4 48. b3 Bxf5 49. bxc4 bxc4 50. Kd2 Re8 51. a3 Re2+ 52. Rxe2
dxe2 53. Kxe2 Ke5 54. Ke3 Bd7 0-1

[Event "XXIV Weekend A"]
[Site "Robecchetto con Induno ITA"]
[Date "2013.12.29"]
[Round "5"]
[White "Zuliani, Francesco"]
[Black "Lucchese, Paolo"]
[WhiteElo "1834"]
[BlackElo "1960"]
[Result "0-1"]
[PlyCount "50"]
[EventDate "2013.12.27"]

1. e4 e5 2. Nf3 Nc6 3. Bb5 Nge7 4. d4 exd4 5. Bg5 h6 6. Bh4 g5 7. Bg3 Bg7 8.
O-O O-O 9. Re1 d6 10. c3 Bg4 11. Be2 dxc3 12. Nxc3 Be6 13. h4 g4 14. Nh2 h5 15.
f4 f5 16. Bf2 Bxc3 17. bxc3 fxe4 18. g3 d5 19. Bxg4 hxg4 20. Nxg4 Qe8 21. h5
Kh7 22. Kg2 Qf7 23. Ne3 Nf5 24. g4 Nxe3+ 25. Bxe3 Bxg4 0-1

[Event "XXIV Weekend A"]
[Site "Robecchetto con Induno ITA"]
[Date "2013.12.30"]
[Round "6"]
[White "Biava, Pierluigi"]
[Black "Messina, Gianmaria"]
[WhiteElo "1686"]
[BlackElo "1796"]
[Result "0-1"]
[PlyCount "90"]
[EventDate "2013.12.27"]

1. e4 d5 2. exd5 Qxd5 3. Nc3 Qd6 4. g3 Nf6 5. Bg2 c6 6. d3 Bg4 7. Nge2 e5 8. h3
Bh5 9. g4 Bg6 10. f4 exf4 11. Bxf4 Qd7 12. Qd2 Be7 13. O-O-O O-O 14. Ng3 Bd6
15. Nge4 Nxe4 16. Nxe4 Bxf4 17. Qxf4 Qe6 18. b3 Bxe4 19. Bxe4 Qe7 20. Kb2 f5
21. gxf5 a5 22. a3 Na6 23. d4 Rae8 24. Rhe1 Qf6 25. Bd3 Rd8 26. Bc4+ Kh8 27.
Re5 Nc7 28. a4 b6 29. c3 Rd6 30. Rde1 g6 31. Re7 g5 32. Qe5 Nd5 33. Re8 Kg7 34.
Rxf8 Kxf8 35. Qe8+ Kg7 36. Bxd5 cxd5 37. Re7+ Kh6 38. Re6 Rxe6 39. Qxe6 Qxe6
40. fxe6 Kg6 41. c4 h5 42. c5 bxc5 43. dxc5 Kf6 44. Kc3 Kxe6 45. Kd4 g4 0-1